000 00692nam0a22002531 4500
001 RU\NLR\INFOCOMM4\ROSSICA\1000406697
005 20250613191638.0
035 _a(NLR Aleph) 009937896
090 _a10751585
_c10751585
100 _a20030516d1812 |||y0rusy50 ca
101 0 _alat
102 _aRU
105 _ay ||||000ay
200 1 _aDe rebus Jazygum sive Jazuingorum ex Asia in Ungariam et Poloniam transgressorum
_fErnst Hennig
210 _aRegiomonti
_d1812
215 _d
700 1 _aHennig
_bE.
_gErnst
_4070
801 1 _aRU
_bInfoComm
_c20030516
801 0 _aRU
_bNLR
_gPSBO
852 _aNLR
_j13.4.5.20
942 _cBOOK
980 _aNB
980 _aRossica